000 00450nam a22001697a 4500
999 _c3971
_d3971
003 GBCCL
005 20241126110508.0
008 171219b xxu||||| |||| 00| 0 eng d
040 _cgbc
082 _a252.3
_bHMA
100 _aHmar, Rothanglien
_97734
245 _aMessages from the Pilgrim /
_cRothanglien Hmar
260 _aEastern Publication House,
_bDimapur:
_c2005
300 _a255 p.;
_c21 cm.
650 _aSermons
_96067
942 _2ddc
_cBK
_01